000 00724nam a2200253Ia 4500
003 OSt
005 20220928123920.0
006 a|||||r|||| 00| 0
007 ta
008 220927b |||||||| |||| 00| 0 eng d
020 _cUKP 24.99
024 _a136246
037 _b58, 13/11/2017, Better Book Service
_cTextual
040 _aSDCL
_cSDCL
_beng
041 _2eng
_aeng
082 _aR391, Q6
100 _aSmith Joel
_9462216
245 0 _aExperiencing phenomenology
_b An introduction
260 _aLondon
_bRoutledge
_c2016
300 _axv,221p.
_ccm.
650 _aPhilosophy
942 _hR391, Q6
_cTEXL
_2CC
999 _c775217
_d775217